| 000 | 00935nam a2200241 a 4500 | ||
|---|---|---|---|
| 001 | 000033617 | ||
| 003 | OSt | ||
| 005 | 20220128074958.0 | ||
| 007 | ta | ||
| 008 | 110901s1945 dr 000 0 spa d | ||
| 040 |
_aDO-SdBNP _bspa _cBNPHU |
||
| 082 | 4 |
_a371.8 _bC749e 1945 _222 |
|
| 110 | 2 |
_aCongreso de Estudiantes Normalistas _d(1945 _cLa Vega, República Dominicana _n1: 1 de septiembre) _959093 |
|
| 111 | 2 |
_aCongreso de Estudiantes Normalistas Dominicanos _n( 1 : _d1945 : _cLa Vega) _976901 |
|
| 245 | 1 | 0 | _aAgenda y reglamento. |
| 260 |
_aLa Vega, República Dominicana : _bPol. Hermanos , _c1945. |
||
| 300 |
_a23 p. ; _c24 cm. |
||
| 590 | _aInventariado, 2019/VM | ||
| 650 | 4 |
_aEstudiantes _zRepública Dominicana _vCongresos, conferencias, etc. _976902 |
|
| 650 | 4 |
_aFormación profesional de maestros _zRepública Dominicana _vCongresos, conferencias, etc. _976903 |
|
| 910 | _aValidado. Control de calidad MFF | ||
| 942 |
_2ddc _cLF1 |
||
| 999 |
_c33108 _d33108 |
||